Meranie ekonomického a finančného vplyvu Majstrovstiev sveta v hokeji na mesto Košice
Teoretické aspekty problematiky vyhodnocovania dopadov veľkých udalostí a meranie ich ekonomického vplyvu na lokálnu ekonomiku. Výsledky analýzy ekonomického vplyvu Majstrovstiev sveta.
Salvato in:
| Autore principale: | |
|---|---|
| Altri autori: | |
| Natura: | Capitolo di libro |
| Lingua: | slovacco |
| Soggetti: | |
| Tags: |
Nessun Tag, puoi essere il primo ad aggiungerne!!
|
MARC
| LEADER | 00000naa a2200000 4500 | ||
|---|---|---|---|
| 001 | 0173562 | ||
| 005 | 20231207102303.1 | ||
| 041 | 0 | |a slo | |
| 044 | |a CZ | ||
| 245 | 1 | 0 | |a Meranie ekonomického a finančného vplyvu Majstrovstiev sveta v hokeji na mesto Košice |c Miriam Šebová, Peter Džupka |
| 520 | |a Teoretické aspekty problematiky vyhodnocovania dopadov veľkých udalostí a meranie ich ekonomického vplyvu na lokálnu ekonomiku. Výsledky analýzy ekonomického vplyvu Majstrovstiev sveta. | ||
| 610 | 2 | 0 | |a Slovensko |
| 610 | 2 | 0 | |a aglomerácie mestské |
| 610 | 2 | 0 | |a ekonomika regionálna |
| 610 | 2 | 0 | |a marketing mestský |
| 610 | 2 | 0 | |a šport |
| 610 | 2 | 0 | |a súťaže |
| 610 | 2 | 0 | |a analýzy |
| 100 | 1 | |a Šebová, Miriam | |
| 700 | 1 | |a Džupka, Peter | |